000 00767nas a2200265 4500
001 BR2014001002
003 BR-BrBNA
005 20231205123716.0
007 ta
008 230509b bl.|||p| |||| 00| 00por d
040 _aBR-BrBNA
_bpor
_cBiblioteca Nacional de Agricultura
041 _a(Pt)
072 _aK50
100 1 _aDobner Junior, M.
100 1 _aNutto, L.
100 1 _aHiga, A.R.
245 1 _aRendimento de laminação por faca de toras de Pinus taeda L.
650 _aPINUS TAEDA
650 _aPINHEIRO
650 _aTORA
650 _aINDÚSTRIA FLORESTAL
773 0 _tScientia Forestalis (Brazil)
_xISSN 1413-9324
_g(Dec 2013), v. 41(100) p. 469-475
_wBR2014001002
909 _a202311
_bLúcia
_c55
_dLúcia Elande
942 _2AGRIS
_n0
_cANA
999 _c235295
_d235295